[Event "HUN-chT2 Erkel 1314"]
[Site "Hungary"]
[Date "2013.11.17"]
[Round "5.3"]
[White "Rigo, Janos"]
[Black "Foldi, Kristof"]
[Result "1-0"]
[WhiteElo "2274"]
[BlackElo "2182"]
[PlyCount "77"]
[EventDate "2013.09.08"]
[EventType "team-tourn"]
[EventRounds "11"]
[EventCountry "HUN"]
[SourceTitle "EXT 2016"]
[Source "ChessBase"]
[SourceDate "2015.10.08"]
[SourceVersion "1"]
[SourceVersionDate "2015.10.08"]
[SourceQuality "1"]
[WhiteTeam "Budapest Honved"]
[BlackTeam "Gyongyos Matra"]
[WhiteTeamCountry "HUN"]
[BlackTeamCountry "HUN"]

1. e4 c5 2. Nf3 Nc6 3. Bb5 g6 4. h4 h5 5. c3 a6 6. Ba4 b5 7. Bb3 c4 8. Bc2 Bg7 9. b3 Bb7 10. Qe2 cxb3 11. Bxb3 Nh6 12. a4 b4 13. Bb2 0-0 14. d4 Na5 15. Bc2 b3 16. Bd3 d5 17. Nbd2 dxe4 18. Nxe4 Ng4 19. Nc5 Bd5 20. Rd1 e5 21. c4 e4 22. Nxe4 Bxe4 23. Bxe4 Rc8 24. Bd5 Re8 25. Ne5 Qf6 26. Rh3 Nxe5 27. dxe5 Qb6 28. Rf3 Rc7 29. Kf1 Nc6 30. Re3 Rce7 31. f4 Bh6 32. Qf3 Na5 33. Red3 Kh7 34. Bd4 Qc7 35. c5 b2 36. Bxb2 Qxc5 37. Ba3 Qc2 38. Qe4 Rc7 39. Rc1 1-0

[Event "HUN-chT2 Erkel 1314"]
[Site "Hungary"]
[Date "2013.09.08"]
[Round "1.2"]
[White "Foldi, Kristof"]
[Black "Franchini, Gabriele"]
[Result "0-1"]
[WhiteElo "2182"]
[BlackElo "2134"]
[PlyCount "86"]
[EventDate "2013.09.08"]
[EventType "team-tourn"]
[EventRounds "11"]
[EventCountry "HUN"]
[SourceTitle "EXT 2016"]
[Source "ChessBase"]
[SourceDate "2015.10.08"]
[SourceVersion "1"]
[SourceVersionDate "2015.10.08"]
[SourceQuality "1"]
[WhiteTeam "Gyongyos Matra"]
[BlackTeam "Budapest MAFC"]
[WhiteTeamCountry "HUN"]
[BlackTeamCountry "HUN"]

1. e4 e6 2. d4 d5 3. Nc3 Bb4 4. e5 c5 5. a3 Ba5 6. b4 cxd4 7. Nb5 Bc7 8. Nf3 Ne7 9. Bd3 a6 10. Nxc7+ Qxc7 11. 0-0 Nbc6 12. Qe2 Ng6 13. Re1 Bd7 14. Bd2 f6 15. c4 dxc3 16. Bxg6+ hxg6 17. Bxc3 f5 18. Qe3 Rc8 19. Rec1 Qd8 20. a4 Ne7 21. Bd4 Rc4 22. Rxc4 dxc4 23. Qg5 Bc6 24. Bc5 Bxf3 25. gxf3 Kf7 26. Rc1 Nc6 27. Qxd8 Rxd8 28. Bd6 b5 29. axb5 axb5 30. Ra1 g5 31. Kf1 f4 32. Ke1 Rd7 33. Ra6 Nd4 34. Rb6 Ra7 35. Bc5 Ra1+ 36. Kd2 Ra2+ 37. Kc1 Ne2+ 38. Kb1 Nc3+ 39. Kc1 Ne2+ 40. Kb1 Rd2 41. Rd6 Rxd6 42. exd6 Ke8 43. Kc2 Kd7 0-1

[Event "HUN-chT2 Erkel 1213"]
[Site "Hungary"]
[Date "2012.11.04"]
[Round "3.2"]
[White "Foldi, Kristof"]
[Black "Eberth, Zoltan"]
[Result "0-1"]
[WhiteElo "2189"]
[BlackElo "2191"]
[PlyCount "70"]
[EventDate "2012.09.16"]
[EventType "team-tourn"]
[EventRounds "11"]
[EventCountry "HUN"]
[SourceTitle "EXT 2014"]
[Source "ChessBase"]
[SourceDate "2013.11.20"]
[SourceVersion "1"]
[SourceVersionDate "2013.11.20"]
[SourceQuality "1"]
[WhiteTeam "Matra"]
[BlackTeam "Mezokovesd"]
[WhiteTeamCountry "HUN"]
[BlackTeamCountry "HUN"]

1. e4 d5 2. exd5 Nf6 3. d4 Nxd5 4. c4 Nb6 5. Nc3 e5 6. Be3 exd4 7. Qxd4 Qxd4 8. Bxd4 Nc6 9. Be3 Be6 10. Bxb6 axb6 11. Nf3 Bb4 12. Be2 Bxc3+ 13. bxc3 Ra4 14. Nd2 0-0 15. Bd1 Ra5 16. 0-0 Rd8 17. Nb3 Ra3 18. Be2 Rda8 19. Nd4 Nxd4 20. cxd4 Rxa2 21. Rxa2 Rxa2 22. Re1 Kf8 23. g4 c6 24. f4 g6 25. h3 Rd2 26. c5 Rxd4 27. cxb6 Rb4 28. Bd3 Rxb6 29. f5 Bd5 30. Kf2 Rb3 31. Rd1 Ke7 32. fxg6 fxg6 33. h4 Ke6 34. h5 Kf6 35. hxg6 hxg6 0-1

[Event "HUN-chT2 Erkel 1213"]
[Site "Hungary"]
[Date "2012.10.07"]
[Round "2.3"]
[White "Foldi, Kristof"]
[Black "Kovacs, Istvan"]
[Result "0-1"]
[WhiteElo "2189"]
[BlackElo "2201"]
[PlyCount "139"]
[EventDate "2012.09.16"]
[EventType "team-tourn"]
[EventRounds "11"]
[EventCountry "HUN"]
[SourceTitle "EXT 2014"]
[Source "ChessBase"]
[SourceDate "2013.11.20"]
[SourceVersion "1"]
[SourceVersionDate "2013.11.20"]
[SourceQuality "1"]
[WhiteTeam "Matra"]
[BlackTeam "Dunaharaszti"]
[WhiteTeamCountry "HUN"]
[BlackTeamCountry "HUN"]

1. d4 Nf6 2. c4 e6 3. Nf3 b6 4. g3 Ba6 5. Qc2 c5 6. dxc5 Bxc5 7. Bg2 Nc6 8. 0-0 Rc8 9. Qa4 Bb7 10. Nc3 0-0 11. Bf4 Qe7 12. Rad1 Rfd8 13. a3 a5 14. e4 e5 15. Bg5 Nd4 16. Nd5 Bxd5 17. exd5 h6 18. Bxf6 Qxf6 19. Nd2 Qg6 20. Rfe1 Bd6 21. Nf3 Nxf3+ 22. Bxf3 Bc5 23. Re2 Bd4 24. Be4 f5 25. Bb1 Qf6 26. Qc2 Rf8 27. a4 d6 28. b3 Rc7 29. Kg2 Bc5 30. f3 g5 31. Rf1 Rg7 32. Ree1 h5 33. Qe2 Qh6 34. h3 Rf6 35. g4 fxg4 36. fxg4 hxg4 37. hxg4 Rf4 38. Rxf4 gxf4 39. Bf5 Qh4 40. Rh1 Qg3+ 41. Kf1 f3 42. Qh2 Qxh2 43. Rxh2 Kf7 44. Rh3 f2 45. Rh6 Rg5 46. Rh7+ Kg8 47. Rh5 Rxh5 48. gxh5 Kg7 49. Be4 Kh6 50. Bf3 Kg5 51. Ke2 Kf4 52. Be4 Kg5 53. Bf3 Bd4 54. Kf1 Kf4 55. Be2 e4 56. h6 Ke3 57. h7 Kd2 58. h8Q Bxh8 59. Kxf2 Bd4+ 60. Kf1 Kc2 61. Bg4 Kxb3 62. Bd7 Kxc4 63. Bc6 b5 64. Bxb5+ Kxd5 65. Ke2 Bc5 66. Ba6 Ke5 67. Bb7 d5 68. Bc6 d4 69. Bb5 d3+ 70. Kd2 0-1

[Event "HUN-chT2 Erkel 1112"]
[Site "Hungary"]
[Date "2012.03.12"]
[Round "7.2"]
[White "Foldi, Kristof"]
[Black "Horvath, Gabor"]
[Result "0-1"]
[WhiteElo "2182"]
[BlackElo "2269"]
[PlyCount "58"]
[EventDate "2011.09.25"]
[EventType "team-tourn"]
[EventRounds "11"]
[EventCountry "HUN"]
[SourceTitle "EXT 2013"]
[Source "ChessBase"]
[SourceDate "2012.11.22"]
[SourceVersion "1"]
[SourceVersionDate "2012.11.22"]
[SourceQuality "1"]
[WhiteTeam "Matra"]
[BlackTeam "MAFC"]
[WhiteTeamCountry "HUN"]
[BlackTeamCountry "HUN"]

1. e4 c5 2. Nf3 Nc6 3. Bb5 e6 4. Bxc6 bxc6 5. 0-0 Ne7 6. b3 f6 7. d3 Ng6 8. Nc3 Be7 9. Ne1 e5 10. Qh5 d5 11. exd5 cxd5 12. f4 d4 13. Ne4 f5 14. Ng3 exf4 15. Ne2 0-0 16. Nxf4 Ne5 17. Qe2 Bd6 18. Nf3 Ng4 19. Re1 Bb7 20. Ne6 Bxf3 21. gxf3 Bxh2+ 22. Kg2 Qh4 23. fxg4 fxg4 24. Ng5 Bc7 25. Kg1 Rae8 26. Ne4 Bh2+ 27. Kg2 Qh3+ 28. Kh1 Bg3+ 29. Kg1 Bxe1 0-1

[Event "HUN-chT2 Erkel 1112"]
[Site "Hungary"]
[Date "2011.11.27"]
[Round "4.2"]
[White "Muhari, Istvan"]
[Black "Foldi, Kristof"]
[Result "1-0"]
[WhiteElo "2247"]
[BlackElo "2182"]
[PlyCount "77"]
[EventDate "2011.09.25"]
[EventType "team-tourn"]
[EventRounds "11"]
[EventCountry "HUN"]
[SourceTitle "EXT 2013"]
[Source "ChessBase"]
[SourceDate "2012.11.22"]
[SourceVersion "1"]
[SourceVersionDate "2012.11.22"]
[SourceQuality "1"]
[WhiteTeam "Ujszasz"]
[BlackTeam "Matra"]
[WhiteTeamCountry "HUN"]
[BlackTeamCountry "HUN"]

1. e4 c5 2. c3 d5 3. exd5 Qxd5 4. d4 Nf6 5. Nf3 e6 6. Be2 cxd4 7. cxd4 Be7 8. Nc3 Qd8 9. 0-0 0-0 10. Be3 Nc6 11. Rc1 Nb4 12. Ne5 Nbd5 13. Bf3 Nxe3 14. fxe3 Nd7 15. Nd3 a6 16. Qe2 Rb8 17. Kh1 b5 18. Rfd1 Qb6 19. Ne4 Bb7 20. Ndc5 Bc8 21. b4 Kh8 22. Rc2 Rd8 23. Rdc1 Nf8 24. Nd3 Bd7 25. Ne5 Be8 26. Nc6 Bxc6 27. Rxc6 Qb7 28. Nc5 Bxc5 29. R1xc5 Qe7 30. Rxa6 Nd7 31. Rxb5 Rbc8 32. h3 Rc1+ 33. Kh2 Nb8 34. Rb7 Rc7 35. Raa7 Qd6+ 36. g3 Rc1 37. Rxf7 Nd7 38. Be4 Kg8 39. Qh5 1-0

[Event "HUN-chT2 Erkel 1011"]
[Site "Hungary"]
[Date "2010.09.26"]
[Round "2.2"]
[White "Foldi, Kristof"]
[Black "Fordan, Tibor"]
[Result "0-1"]
[WhiteElo "2202"]
[BlackElo "2211"]
[PlyCount "176"]
[EventDate "2010.09.12"]
[EventType "team-tourn"]
[EventRounds "11"]
[EventCountry "HUN"]
[SourceTitle "EXT 2012"]
[Source "ChessBase"]
[SourceDate "2011.11.24"]
[SourceVersion "1"]
[SourceVersionDate "2011.11.24"]
[SourceQuality "1"]
[WhiteTeam "Matra"]
[BlackTeam "Barcza"]
[WhiteTeamCountry "HUN"]
[BlackTeamCountry "HUN"]

1. e4 e5 2. Nf3 Nc6 3. Bb5 a6 4. Ba4 Nf6 5. 0-0 Nxe4 6. d4 b5 7. Bb3 d5 8. dxe5 Be6 9. c3 Be7 10. Nbd2 Nxd2 11. Bxd2 0-0 12. Be3 Na5 13. Bc2 Nc4 14. Qd3 g6 15. Bh6 Nxb2 16. Qe2 Re8 17. Nd4 Qd7 18. f4 Bg4 19. Qf2 c5 20. f5 Bf8 21. Bxf8 Rxf8 22. Qf4 cxd4 23. Qxg4 d3 24. Bb3 Nc4 25. Qd4 Qa7 26. Kh1 Qxd4 27. cxd4 Ne3 28. Rf3 Nxf5 29. Rxd3 Rac8 30. Bxd5 Rfd8 31. Bb7 Rb8 32. Be4 Nxd4 33. Rad1 Ne6 34. Bd5 Re8 35. Bc6 Re7 36. Rd6 Nf8 37. Bf3 Rxe5 38. Rxa6 b4 39. Kg1 Kg7 40. Ra7 Rf5 41. Be4 Rf6 42. Rb1 Rf4 43. Bd5 Rd8 44. Bb3 Rd7 45. Ra4 Rdd4 46. a3 bxa3 47. Rxa3 Nd7 48. Bd1 Ne5 49. Ra2 h5 50. Be2 h4 51. Ba6 g5 52. Re1 f6 53. Bb7 Ra4 54. Rc2 Rfc4 55. Rd2 Rd4 56. Rc2 Rac4 57. Ra2 Kg6 58. Rf1 Rf4 59. Rd1 Rcd4 60. Rc1 Rc4 61. Rd1 g4 62. Rf2 Rxf2 63. Kxf2 Rc2+ 64. Ke3 Kg5 65. Be4 Rb2 66. Rf1 Nc4+ 67. Kd3 Nd6 68. Bc6 f5 69. Kd4 Ne4 70. Ke3 Rb3+ 71. Kd4 Rb2 72. Ke3 Nd6 73. Kd4 f4 74. Kc3 Re2 75. h3 g3 76. Bf3 Ra2 77. Rb1 Nf5 78. Be4 Ne3 79. Rb5+ Kf6 80. Kd3 Nxg2 81. Rb6+ Ke7 82. Rb7+ Kd8 83. Rb8+ Kc7 84. Rb7+ Kc8 85. Rh7 Ra3+ 86. Kd2 f3 87. Rf7 Ra2+ 88. Kc3 Ne1 0-1

[Event "HUN-chT2 Erkel 1011"]
[Site "Hungary"]
[Date "2010.09.12"]
[Round "1.2"]
[White "Szalanczy, Emil"]
[Black "Foldi, Kristof"]
[Result "1-0"]
[WhiteElo "2248"]
[BlackElo "2202"]
[PlyCount "141"]
[EventDate "2010.09.12"]
[EventType "team-tourn"]
[EventRounds "11"]
[EventCountry "HUN"]
[SourceTitle "EXT 2012"]
[Source "ChessBase"]
[SourceDate "2011.11.24"]
[SourceVersion "1"]
[SourceVersionDate "2011.11.24"]
[SourceQuality "1"]
[WhiteTeam "Budapest MTK"]
[BlackTeam "Matra"]
[WhiteTeamCountry "HUN"]
[BlackTeamCountry "HUN"]

1. e4 e6 2. d4 d5 3. Nc3 Bb4 4. e5 c5 5. a3 Bxc3+ 6. bxc3 Qc7 7. Qg4 f5 8. Qh5+ g6 9. Qd1 Bd7 10. Nf3 Ba4 11. Bd3 c4 12. Be2 Nc6 13. h4 h6 14. Ng1 0-0-0 15. Nh3 Nge7 16. Nf4 Qd7 17. Be3 Rdf8 18. g3 g5 19. Nh5 g4 20. Qd2 Ng8 21. Nf4 Rh7 22. h5 Nd8 23. Ng6 Re8 24. Kf1 Nf7 25. Kg2 Bc6 26. Bf4 Ne7 27. Rab1 Rg8 28. Nxe7+ Qxe7 29. Qc1 Ng5 30. Rb4 Ne4 31. Qb2 b5 32. a4 a5 33. Rxb5 Bxb5 34. Qxb5 Qb7 35. Qxa5 Rgh8 36. f3 gxf3+ 37. Bxf3 Rc7 38. Rd1 Kd7 39. Bxe4 fxe4 40. Qb4 Qxb4 41. cxb4 c3 42. Bc1 Rc4 43. Ba3 Rf8 44. a5 e3 45. a6 Rxd4 46. Re1 Rd2+ 47. Kh3 d4 48. b5 Rb8 49. a7 Ra8 50. Bc5 e2 51. Kg4 d3 52. cxd3 c2 53. b6 Kc6 54. Be3 Rxd3 55. Bxh6 Rd1 56. Rxe2 c1Q 57. Bxc1 Rxc1 58. Kg5 Rf1 59. g4 Kxb6 60. Kg6 Rxa7 61. h6 Kc6 62. Rd2 Rff7 63. g5 Rab7 64. Rd6+ Kc5 65. Rxe6 Kd5 66. Re8 Rbc7 67. e6 Rfe7 68. Rxe7 Rxe7 69. h7 Re8 70. Kf7 Rh8 71. Kg7 1-0

[Event "HUN-chT2 Maroczy 0910"]
[Site "Hungary"]
[Date "2010.05.02"]
[Round "11"]
[White "Kopasz, Robert"]
[Black "Foldi, Kristof"]
[Result "1/2-1/2"]
[WhiteElo "2277"]
[BlackElo "2163"]
[PlyCount "49"]
[EventDate "2009.11.08"]
[EventType "team-tourn"]
[EventRounds "11"]
[EventCountry "HUN"]
[SourceTitle "EXT 2011"]
[Source "ChessBase"]
[SourceDate "2010.11.26"]
[SourceVersion "1"]
[SourceVersionDate "2010.11.26"]
[SourceQuality "1"]
[WhiteTeam "Maroczy"]
[BlackTeam "Matra"]
[WhiteTeamCountry "HUN"]
[BlackTeamCountry "HUN"]

1. c4 Nf6 2. Nc3 d5 3. cxd5 Nxd5 4. g3 e5 5. Bg2 Nb6 6. Nf3 Nc6 7. 0-0 Be7 8. a3 a5 9. d3 0-0 10. Be3 Be6 11. Rc1 f6 12. Ne4 Nd4 13. Nc5 Bxc5 14. Rxc5 c6 15. Bxd4 exd4 16. Qd2 Na4 17. Rcc1 Qd7 18. Qc2 c5 19. Nd2 Rac8 20. Nc4 b5 21. Nxa5 Qa7 22. Nc6 Qd7 23. Na5 Qa7 24. Nc6 Qd7 25. Na5 1/2-1/2

[Event "HUN-chT2 Maroczy 0910"]
[Site "Hungary"]
[Date "2010.04.18"]
[Round "10"]
[White "Foldi, Kristof"]
[Black "Lorincz, Istvan"]
[Result "1/2-1/2"]
[WhiteElo "2163"]
[BlackElo "2265"]
[PlyCount "79"]
[EventDate "2009.11.08"]
[EventType "team-tourn"]
[EventRounds "11"]
[EventCountry "HUN"]
[SourceTitle "EXT 2011"]
[Source "ChessBase"]
[SourceDate "2010.11.26"]
[SourceVersion "1"]
[SourceVersionDate "2010.11.26"]
[SourceQuality "1"]
[WhiteTeam "Matra"]
[BlackTeam "MLTC II"]
[WhiteTeamCountry "HUN"]
[BlackTeamCountry "HUN"]

1. e4 c6 2. d4 d5 3. exd5 cxd5 4. c4 Nf6 5. Nc3 e6 6. Nf3 Bb4 7. cxd5 Nxd5 8. Qc2 Nc6 9. a3 Be7 10. Bd3 Nf6 11. 0-0 Bd7 12. Rd1 Rc8 13. Be3 h6 14. Rac1 0-0 15. h3 Re8 16. Qe2 Qa5 17. Bb1 Bf8 18. Qd3 Rcd8 19. Bf4 g6 20. Ne5 Nxe5 21. Bxe5 Nd5 22. Qg3 Bg7 23. Bxg7 Nxc3 24. Rxc3 Kxg7 25. Rc5 Qb6 26. Qe5+ Kg8 27. h4 Ba4 28. Rd2 Rd5 29. Qe3 h5 30. Be4 Rdd8 31. Rxh5 gxh5 32. Qh6 f5 33. Qg6+ Kf8 34. Qf6+ Kg8 35. Rd3 Bd1 36. Rg3+ Bg4 37. Qg6+ Kf8 38. Qf6+ Kg8 39. Qg6+ Kf8 40. Qf6+ 1/2-1/2

[Event "HUN-chT2 Maroczy 0910"]
[Site "Hungary"]
[Date "2010.02.28"]
[Round "7"]
[White "Toth, Sarolta"]
[Black "Foldi, Kristof"]
[Result "1/2-1/2"]
[WhiteElo "2205"]
[BlackElo "2163"]
[PlyCount "79"]
[EventDate "2009.11.08"]
[EventType "team-tourn"]
[EventRounds "11"]
[EventCountry "HUN"]
[SourceTitle "EXT 2011"]
[Source "ChessBase"]
[SourceDate "2010.11.26"]
[SourceVersion "1"]
[SourceVersionDate "2010.11.26"]
[SourceQuality "1"]
[WhiteTeam "Oroshaza"]
[BlackTeam "Matra"]
[WhiteTeamCountry "HUN"]
[BlackTeamCountry "HUN"]

1. Nf3 d5 2. g3 Nf6 3. c4 c6 4. Bg2 Bg4 5. Ne5 Be6 6. cxd5 Bxd5 7. Nf3 c5 8. 0-0 e6 9. Nc3 Bc6 10. Re1 Nbd7 11. e4 e5 12. d3 Be7 13. a4 0-0 14. Nd2 Ne8 15. Nc4 Nc7 16. Qg4 Ne6 17. Be3 Kh8 18. Nd5 Nd4 19. Bxd4 cxd4 20. Nxe7 Qxe7 21. f4 f6 22. Bh3 Nc5 23. Qd1 exf4 24. b4 Ne6 25. Bxe6 Qxe6 26. gxf4 f5 27. b5 Bxe4 28. dxe4 Qxc4 29. Rc1 Qe6 30. Qxd4 fxe4 31. Qxe4 Qg4+ 32. Kh1 Qxf4 33. Qxf4 Rxf4 34. Rc7 Rxa4 35. Rxb7 Rf8 36. Ree7 Ra1+ 37. Kg2 Ra2+ 38. Kg3 Ra3+ 39. Kg2 Ra2+ 40. Kg1 1/2-1/2

[Event "HUN-chT2 Maroczy 0809"]
[Site "Hungary"]
[Date "2009.04.19"]
[Round "11"]
[White "Hujvan, Laszlo"]
[Black "Foldi, Kristof"]
[Result "1/2-1/2"]
[WhiteElo "2174"]
[BlackElo "2098"]
[PlyCount "40"]
[EventDate "2008.10.26"]
[EventType "team-tourn"]
[EventRounds "11"]
[EventCountry "HUN"]
[SourceTitle "EXT 2010"]
[Source "ChessBase"]
[SourceDate "2010.11.25"]
[SourceVersion "1"]
[SourceVersionDate "2010.11.25"]
[SourceQuality "1"]
[WhiteTeam "Munkacs"]
[BlackTeam "Matra"]
[WhiteTeamCountry "HUN"]
[BlackTeamCountry "HUN"]

1. e4 c5 2. Nf3 d6 3. d4 cxd4 4. Qxd4 a6 5. Bg5 Nc6 6. Qd2 Bg4 7. Nc3 g6 8. Nd5 Bg7 9. Be3 Rc8 10. Bb6 Qd7 11. Nd4 Nf6 12. f3 Be6 13. c4 0-0 14. Nxc6 bxc6 15. Nxf6+ Bxf6 16. Bd4 Bxd4 17. Qxd4 c5 18. Qc3 Qa4 19. Bd3 Rb8 20. b3 Qb4 1/2-1/2

[Event "HUN-chT2 Maroczy 0809"]
[Site "Hungary"]
[Date "2009.04.05"]
[Round "10"]
[White "Foldi, Kristof"]
[Black "Toviskes, Antal"]
[Result "1-0"]
[WhiteElo "2098"]
[BlackElo "2067"]
[PlyCount "139"]
[EventDate "2008.10.26"]
[EventType "team-tourn"]
[EventRounds "11"]
[EventCountry "HUN"]
[SourceTitle "EXT 2010"]
[Source "ChessBase"]
[SourceDate "2010.11.25"]
[SourceVersion "1"]
[SourceVersionDate "2010.11.25"]
[SourceQuality "1"]
[WhiteTeam "Matra"]
[BlackTeam "Hajduboszormeny"]
[WhiteTeamCountry "HUN"]
[BlackTeamCountry "HUN"]

1. e4 c5 2. Nf3 d6 3. d4 cxd4 4. Nxd4 Nf6 5. Nc3 g6 6. Be3 Bg7 7. f3 0-0 8. Qd2 Nc6 9. Bc4 Bd7 10. 0-0-0 Ne5 11. Bb3 b5 12. Ndxb5 Qb8 13. Nd4 Rc8 14. h4 a5 15. a4 Nc4 16. Bxc4 Rxc4 17. b3 Rb4 18. h5 Qb7 19. hxg6 fxg6 20. e5 dxe5 21. Ndb5 Bxb5 22. Nxb5 Rc8 23. Kb1 e4 24. f4 Qa6 25. Bd4 Qe6 26. Be5 h5 27. Nc7 Qf7 28. Rhe1 Kh7 29. Nd5 Rb7 30. Bxf6 exf6 31. f5 gxf5 32. Rh1 Bh6 33. Qd4 Bg5 34. g4 fxg4 35. Qxe4+ f5 36. Rxh5+ Kg6 37. Rxg5+ Kxg5 38. Qe3+ Kg6 39. Nf4+ Kg7 40. Ne6+ Kf6 41. Nd8 Rxd8 42. Rxd8 Re7 43. Qh6+ Ke5 44. Qd6+ Ke4 45. Qd2 f4 46. Qd3+ Ke5 47. Rd4 Qh7 48. Rd5+ Kf6 49. Qd4+ Kg6 50. Rd6+ Kf7 51. Qxf4+ Ke8 52. Qxg4 Re1+ 53. Kb2 Qh8+ 54. Qd4 Qxd4+ 55. Rxd4 Re5 56. c4 Re6 57. Rd5 Ra6 58. c5 Rc6 59. Kc3 Ke7 60. Kc4 Ra6 61. Rd6 Ra7 62. Kb5 Ra8 63. Ra6 Rb8+ 64. Rb6 Ra8 65. Rb7+ Ke6 66. Kb6 Kd5 67. c6 Rc8 68. c7 Kd6 69. Rb8 Rxc7 70. Rd8+ 1-0

[Event "HUN-chT2 Maroczy 0809"]
[Site "Hungary"]
[Date "2009.03.08"]
[Round "9"]
[White "Foldi, Kristof"]
[Black "Cselenyi, Balazs"]
[Result "1-0"]
[WhiteElo "2098"]
[BlackElo "2199"]
[PlyCount "89"]
[EventDate "2008.10.26"]
[EventType "team-tourn"]
[EventRounds "11"]
[EventCountry "HUN"]
[SourceTitle "EXT 2010"]
[Source "ChessBase"]
[SourceDate "2010.11.25"]
[SourceVersion "1"]
[SourceVersionDate "2010.11.25"]
[SourceQuality "1"]
[WhiteTeam "Matra"]
[BlackTeam "Miskolc EMSE"]
[WhiteTeamCountry "HUN"]
[BlackTeamCountry "HUN"]

1. d4 Nf6 2. c4 g6 3. Nc3 Bg7 4. g3 0-0 5. Bg2 d6 6. Nf3 Nc6 7. 0-0 a6 8. d5 Na5 9. Nd2 c5 10. Qc2 Rb8 11. b3 b5 12. Bb2 bxc4 13. bxc4 Bh6 14. f4 e5 15. dxe6 fxe6 16. Rab1 Bb7 17. e4 e5 18. Nd5 Nc6 19. Nf3 Nd4 20. Bxd4 exd4 21. Nxf6+ Qxf6 22. e5 Qd8 23. Rxb7 Rxb7 24. Nxd4 cxd4 25. Bxb7 Qb6 26. Bd5+ Kh8 27. exd6 Qxd6 28. Qe4 Bg7 29. g4 Qc5 30. Kg2 Qa3 31. Rf2 a5 32. h4 Rb8 33. h5 gxh5 34. g5 h4 35. Qf3 Qxf3+ 36. Kxf3 h6 37. Rh2 a4 38. Rxh4 Rb2 39. f5 Rxa2 40. f6 Bf8 41. g6 Ra1 42. Kg2 a3 43. Rg4 Bg7 44. Re4 Bxf6 45. Re8+ 1-0

[Event "HUN-chT2 Maroczy 0809"]
[Site "Hungary"]
[Date "2009.02.22"]
[Round "8"]
[White "Foldi, Kristof"]
[Black "Hevesi, Zoltan"]
[Result "1/2-1/2"]
[WhiteElo "2098"]
[BlackElo "2120"]
[PlyCount "56"]
[EventDate "2008.10.26"]
[EventType "team-tourn"]
[EventRounds "11"]
[EventCountry "HUN"]
[SourceTitle "EXT 2010"]
[Source "ChessBase"]
[SourceDate "2010.11.25"]
[SourceVersion "1"]
[SourceVersionDate "2010.11.25"]
[SourceQuality "1"]
[WhiteTeam "Matra"]
[BlackTeam "Fuzesabony"]
[WhiteTeamCountry "HUN"]
[BlackTeamCountry "HUN"]

1. e4 c6 2. d4 d5 3. Nc3 dxe4 4. Nxe4 Bf5 5. Ng3 Bg6 6. h4 h6 7. Nf3 Nd7 8. h5 Bh7 9. Bd3 Bxd3 10. Qxd3 Ngf6 11. Bf4 Qa5+ 12. Bd2 Qc7 13. 0-0-0 e6 14. Ne4 0-0-0 15. Kb1 Nc5 16. Nxc5 Bxc5 17. g3 Bd6 18. c4 c5 19. Qe2 Rhe8 20. Bc3 cxd4 21. Nxd4 a6 22. Nb3 Qc6 23. Rhe1 Bc7 24. Nd4 Qc5 25. g4 Rd7 26. b4 Qg5 27. f3 Red8 28. c5 Nd5 1/2-1/2

[Event "HUN-chT2 Maroczy 0809"]
[Site "Hungary"]
[Date "2009.01.25"]
[Round "6"]
[White "Harmatosi, Jozsef"]
[Black "Foldi, Kristof"]
[Result "1/2-1/2"]
[WhiteElo "2206"]
[BlackElo "2098"]
[PlyCount "46"]
[EventDate "2008.10.26"]
[EventType "team-tourn"]
[EventRounds "11"]
[EventCountry "HUN"]
[SourceTitle "EXT 2010"]
[Source "ChessBase"]
[SourceDate "2010.11.25"]
[SourceVersion "1"]
[SourceVersionDate "2010.11.25"]
[SourceQuality "1"]
[WhiteTeam "Vasas"]
[BlackTeam "Matra"]
[WhiteTeamCountry "HUN"]
[BlackTeamCountry "HUN"]

1. d4 Nf6 2. Nf3 g6 3. Nc3 d5 4. Bf4 Bg7 5. e3 0-0 6. Be2 Bg4 7. h3 Bxf3 8. Bxf3 c6 9. 0-0 Nbd7 10. g4 Ne8 11. e4 dxe4 12. Nxe4 Qb6 13. c3 Nef6 14. Nxf6+ Bxf6 15. Qb3 e5 16. dxe5 Nxe5 17. Bxe5 Bxe5 18. Rfe1 Bf6 19. Re4 Bh4 20. Rd4 Rad8 21. Rad1 Rxd4 22. Rxd4 Rd8 23. Qxb6 axb6 1/2-1/2

[Event "Nyiregyhaza op"]
[Site "Nyiregyhaza"]
[Date "2008.07.26"]
[Round "6"]
[White "Konnyu, Janos"]
[Black "Foldi, Kristof"]
[Result "1-0"]
[WhiteElo "2314"]
[BlackElo "2097"]
[PlyCount "77"]
[EventDate "2008.07.23"]
[EventType "swiss"]
[EventRounds "7"]
[EventCountry "HUN"]
[SourceTitle "EXT 2009"]
[Source "ChessBase"]
[SourceDate "2008.11.26"]
[SourceVersion "1"]
[SourceVersionDate "2008.11.26"]
[SourceQuality "1"]

1. e4 c5 2. Nf3 d6 3. d4 cxd4 4. Nxd4 Nf6 5. Nc3 Nc6 6. Bg5 e6 7. Qd2 a6 8. 0-0-0 h6 9. Nxc6 bxc6 10. Bf4 d5 11. Qe3 Be7 12. Be2 0-0 13. h4 a5 14. g4 Nd7 15. Qg3 Ba6 16. g5 Bxe2 17. gxh6 g6 18. Nxe2 Nf6 19. f3 Nh5 20. Qg4 Kh7 21. Bg5 a4 22. a3 Rb8 23. Bxe7 Qxe7 24. Nf4 Qb7 25. Nd3 e5 26. exd5 Nf4 27. h5 cxd5 28. Nb4 f5 29. hxg6+ Nxg6 30. Qg5 d4 31. Rhg1 Qf7 32. Rde1 Rbc8 33. Kb1 Rg8 34. Nd3 Rce8 35. Qh5 Qf6 36. Rg5 Nf4 37. Nxf4 Qxg5 38. Qf7+ Kh8 39. h7 1-0

[Event "Nyiregyhaza op"]
[Site "Nyiregyhaza"]
[Date "2008.07.24"]
[Round "2"]
[White "Serrer, Christoph"]
[Black "Foldi, Kristof"]
[Result "1/2-1/2"]
[WhiteElo "2265"]
[BlackElo "2097"]
[PlyCount "120"]
[EventDate "2008.07.23"]
[EventType "swiss"]
[EventRounds "7"]
[EventCountry "HUN"]
[SourceTitle "EXT 2009"]
[Source "ChessBase"]
[SourceDate "2008.11.26"]
[SourceVersion "1"]
[SourceVersionDate "2008.11.26"]
[SourceQuality "1"]

1. Nf3 Nf6 2. c4 g6 3. Nc3 Bg7 4. e4 d6 5. d4 0-0 6. Be2 e5 7. dxe5 dxe5 8. Qxd8 Rxd8 9. Bg5 Re8 10. Nd5 Nxd5 11. cxd5 c6 12. Bc4 cxd5 13. Bxd5 Nd7 14. Nd2 Nb6 15. Bb3 Be6 16. Ke2 Rac8 17. Rhc1 Bxb3 18. axb3 Rxc1 19. Rxc1 Rc8 20. Nc4 Nxc4 21. Rxc4 Rxc4 22. bxc4 f6 23. Be3 a6 24. Kd3 Kf7 25. c5 Ke6 26. Kc4 Bf8 27. b4 Be7 28. g4 Bd8 29. b5 axb5+ 30. Kxb5 f5 31. f3 fxg4 32. fxg4 Kd7 33. g5 Ke6 34. Bd2 Kd7 35. h4 Bc7 36. Bc3 Ke6 37. Ba5 Kd7 38. Bb6 Bb8 39. Kb4 Ke7 40. Kc4 Ke6 41. Ba5 Ba7 42. Bc7 Kd7 43. Bxe5 Kc6 44. Bd6 b6 45. cxb6 Bxb6 46. Bg3 Be3 47. e5 Bb6 48. e6 Bc5 49. Be1 Be7 50. Kd4 Kd6 51. Bb4+ Kxe6 52. Bxe7 Kxe7 53. Ke5 h6 54. gxh6 Kf7 55. Kf4 Kg8 56. Kg5 Kh8 57. Kf4 Kg8 58. h5 gxh5 59. Kg5 Kh7 60. Kxh5 Kh8 1/2-1/2